| 000 | 00704cam a2200229 a 4500 | ||
|---|---|---|---|
| 999 |
_c5563 _d5563 |
||
| 001 | 2641 | ||
| 003 | BD-DhUAP | ||
| 005 | 20201215115556.0 | ||
| 008 | 201215s1987 ii a b 001 0 eng | ||
| 020 | _a8120402154 | ||
| 040 |
_aDLC _cDLC _dBD-DhUAP _beng |
||
| 082 | 0 | 0 |
_a628.3 RAO _223 |
| 100 | _aRao, M. Narayana. | ||
| 245 |
_aWaste water treatment : _brational methods of design and industrial practices / _cM. Narayana Rao and Amal K. Datta. |
||
| 250 | _a2nd ed. | ||
| 260 |
_aNew Delhi : _bOxford & IBH Pub., _cc1987. |
||
| 300 |
_aviii, 345 pages : _billustrations ; _c21 cm. |
||
| 500 | _aIncludes index. | ||
| 650 | _aSewege -- Purification. | ||
| 700 | _aDatta, Amal K. | ||
| 942 |
_2ddc _cREF |
||